[Event "CAN-ch U16"]
[Site "Vancouver"]
[Date "2012.07.05"]
[Round "6"]
[White "Van Dusen, Colin"]
[Black "Burgert, Conrad"]
[Result "0-1"]
[WhiteElo "972"]
[BlackElo "1250"]
[PlyCount "98"]
[EventDate "2012.07.03"]
[EventType "swiss"]
[EventRounds "7"]
[EventCountry "CAN"]
[SourceTitle "EXT 2022"]
[Source "ChessBase"]
[SourceDate "2021.10.06"]
[SourceVersion "1"]
[SourceVersionDate "2021.10.06"]
[SourceQuality "1"]

1. e4 c5 2. Nf3 Nc6 3. Bb5 a6 4. Bxc6 bxc6 5. d4 cxd4 6. Nxd4 Nf6 7. Nc3 e5 8. Nb3 Bb4 9. Bd2 d6 10. Qe2 Bg4 11. f3 Bh5 12. g4 Bg6 13. a3 Bxc3 14. Bxc3 h5 15. 0-0-0 hxg4 16. fxg4 Bxe4 17. g5 Bxh1 18. gxf6 Bd5 19. fxg7 Qg5+ 20. Bd2 Qxg7 21. Qe3 Rxh2 22. Bb4 Qh7 23. Qc3 Bf3 24. Bxd6 Rxc2+ 25. Qxc2 Qxc2+ 26. Kxc2 Bxd1+ 27. Kxd1 Rd8 28. Kc1 Rxd6 29. Nc5 Kd8 30. Nb7+ Kc7 31. Nxd6 Kxd6 32. b4 f5 33. Kd2 f4 34. a4 f3 35. Ke3 e4 36. b5 cxb5 37. axb5 axb5 38. Kd2 f2 39. Ke2 e3 40. Kxe3 f1Q 41. Kd2 Qf3 42. Kc2 Qe3 43. Kb2 Qd3 44. Ka2 Qc3 45. Kb1 Qd2 46. Ka1 Kc5 47. Kb1 Kc4 48. Ka1 Kb3 49. Kb1 Qb2# 0-1